Better in or out? (Record no. 72392)

MARC details
000 -LEADER
fixed length control field 01183cam a2200229 4500
008 - FIXED-LENGTH DATA ELEMENTS--GENERAL INFORMATION
fixed length control field 030331n2003 000 0 eng u
035 ## - SYSTEM CONTROL NUMBER
System control number (Sirsi) u121821
100 ## - MAIN ENTRY--PERSONAL NAME
Personal name Edie, A.
245 ## - TITLE STATEMENT
Title Better in or out?
260 ## - PUBLICATION, DISTRIBUTION, ETC.
Date of publication, distribution, etc. 2003
490 ## - SERIES STATEMENT
Series statement Premises and Facilities Management
Volume/sequential designation (March 2003) 19-20(2)
520 ## - SUMMARY, ETC.
Summary, etc. Feature on outsourcing of facilities management (FM) services. Argues that the decision about whether to outsource can be complex and depend on the particular business and the services the new company would provide. There are many aspects to be considered in addition to the basic costs considerations Also includes how integrated the service is to the business and what kinds of expertise an external supplier would bring. Also takes into consideration the tactical issues that need to be thought of once an organisation has decided to outsource a service. These include the financial cost and the tendering issues.
590 ## - LOCAL NOTE (RLIN)
Local note ABS
650 ## - SUBJECT ADDED ENTRY--TOPICAL TERM
Topical term or geographic name entry element FM INDUSTRY
650 ## - SUBJECT ADDED ENTRY--TOPICAL TERM
Topical term or geographic name entry element OUTSOURCING
650 ## - SUBJECT ADDED ENTRY--TOPICAL TERM
Topical term or geographic name entry element PARTNERSHIP
650 ## - SUBJECT ADDED ENTRY--TOPICAL TERM
Topical term or geographic name entry element BUSINESS CULTURE
650 ## - SUBJECT ADDED ENTRY--TOPICAL TERM
Topical term or geographic name entry element TENDERING
690 ## - LOCAL SUBJECT ADDED ENTRY--TOPICAL TERM (OCLC, RLIN)
Topical term or geographic name as entry element MANAGEMENT-FACILITIES MANAGEMENT
700 ## - ADDED ENTRY--PERSONAL NAME
Personal name Blyth, A.
942 ## - ADDED ENTRY ELEMENTS (KOHA)
Suppress in OPAC 0

No items available.